000 00699nam a22002537a 4500
999 _c376055
_d376055
001 89764
003 UA-OsUOA
005 20191120165652.0
007 ta
008 20121109b un ||||| |||| 00| 0 ukr d
040 _aUA-OsUOA
_bukr
_cUA-OsUOA
_dUA-OsUOA
041 _aukr
080 _a821.161.2
090 _a821.161.2
_bГ61
100 _aГоловченко І.
245 _aБілий морок. Голубий берег
_bромани
_nт.2
246 3 1 _aКнига 2
260 _aК.
_bДніпро
_c1986
300 _a734 с.
650 7 _a82 Література. Літературознавство
_2UDC
700 _aМусієнко О.
942 _cBK
_2udc
955 _a3